00340cam a2200133 a 4500020001800000082001500018100002100033245001700054250001200071260003700083300004900120650001600169700002100185 a978933255854000a150bBAR/P1 aBaron, Robert A.10aPsychology / a5th ed. aChennai :bPearson India,c2021. axxxii, 646, [68] p. :bill. (chiefly col.) ;00aPsychology.1 aMisra, Girishwar